000 01385cam a22003617a 4500
003 CHAP
005 20220329135521.0
008 971013c19601933 r 00010 d
010 _a37896
011 _a38868
035 _a42988
040 _cCHAP
082 _a634.82
_bM5
100 0 0 _aMillardet, Pierre Marie Alexis.
_975730
245 1 4 _aThe discovery of Bordeaux mixture
_b: three papers. A translation
260 _aLancaster, Pa., :
_bAmerican Phytopathological Society,
_c1960 (c.1933)
300 _a25 p
490 0 _aPhytopathological classics
_v; 3
505 _aContenido: Treatment of mildew and rot. Treatment of mildew with copper sulphate and lime mixture. Concening the history of the treatment jof mildew with copper sulphate
590 _aBATCH-UPD
_b10
_c20130109
_lUCH01
_h2354
590 _aBATCH-UPD
_b10
_c20130110
_lUCH01
_h0308
590 _aBATCH-UPD
_b10
_c20130110
_lUCH01
_h1818
590 _aCONVERSION
_b10
_c20130109
_lUCH01
_h1321
650 1 4 _aCenicilla.
_920964
650 1 4 _aMezcla de Bordeaux.
_975362
650 1 4 _aPeronospora viticola.
_987215
700 0 _aSchneiderhan, Felix John.
_9103106
830 0 _aPhytopathological classics
_v; 3
_987910
901 _aBK
942 _cLIBRO
949 _a634.82 M5
_bBC
_cLIBRO
_d33724000222261
_eLIBRO
_h23373
_i42988
_si
949 _a634.82 M5
_bBC
_cLIBRO
_d33724000222279
_eLIBRO
_fc.2
_h57632
_i42988
_si
999 _c37896
_d37896